Ligne E du RER - Statistiques

Statistiques générales
  • Ce quiz a été pris 491 fois
    369 depuis la dernière actualisation
  • Le résultat moyen est 16 sur 25
Statistiques - réponses
n gares correspondances % Correct
5 Magenta RER B DTransilien H K P M 2 4 5 7
91%
6 Rosa-Parks T 3b
87%
7 Pantin T 3b
83%
2 La Défense RER ATransilien L U M 1 T 2
82%
8 (séparation CG/T) Noisy-le-Sec T 1
81%
25 Tournan Transilien P
79%
13 Chelles - Gournay Transilien P
77%
1 Nanterre-La-Folie
75%
9 (vers CG) Bondy T 4
74%
16 Val de Fontenay RER A
71%
3 Neuilly - Porte Maillot RER CM 1 T 3b
70%
14 (vers T) Rosny-Bois-Perrier M 11
68%
15 Rosny-sous-Bois
67%
4 Haussmann - Saint-Lazare Transilien J LM 3 12 13 14
65%
11 Gagny
61%
19 Villiers-sur-Marne - Le Plessis-Trévise
48%
17 Nogent - Le Perreux
47%
23 Ozoir-la-Ferrière
45%
12 Le Chénay-Gagny
43%
22 Roissy-en-Brie
43%
10 Le Raincy - Villemomble - Montfermeil
42%
24 Gretz-Armainvilliers
41%
21 Emerainville - Pontault-Combault
40%
20 Les Yvris-Noisy-le-Grand
38%
18 Les Boullereaux-Champigny
37%
Aucun quiz correspondant
Distribution des résultats
% des personnes avec chaque résultat
Percentile par nombre de réponses
Votre historique - résultats
Vous n’avez pas pris ce quiz depuis la dernière actualisation